The Georgetown international environmental law review

Na minha lista:
Detalhes bibliográficos
Formato: Periódico
Idioma:inglês
Publicado em: Washington Georgetown University Law Center
Assuntos:
Tags: Adicionar Tag
Sem tags, seja o primeiro a adicionar uma tag!

MARC

LEADER 00000nas1a22000001 4500
001 s120448
005 20250717094312.5
022 |a 1042-1858 
041 0 |a eng 
044 |a US 
245 1 0 |a The Georgetown international environmental law review 
264 1 |a Washington  |b Georgetown University Law Center 
610 2 0 |a právo 
610 2 0 |a prostredie životné 
610 2 0 |a právo medzinárodné